| 000 | 00546nam a2200181 a 4500 | ||
|---|---|---|---|
| 005 | 20240924071320.0 | ||
| 008 | 991125s1955 mx 000 0 spa u | ||
| 035 | _aUPN01000019078 | ||
| 049 | _aCG | ||
| 050 | 4 |
_aPQ7112 _bM3.4 |
|
| 100 | 1 |
_aMartínez, José Luis, _d1918-2007 _930331 |
|
| 245 | 1 | 3 |
_aLa emancipación literaria de México / _cJosé Luis Martínez. |
| 260 |
_aMéxico : _bRobredo, _c1955. |
||
| 300 | _a88 p. | ||
| 440 | 0 |
_aMéxico y lo mexicano ; _v21 |
|
| 650 | 4 |
_aLiteratura mexicana _xHistoria y crítica _97863 |
|
| 905 | _aLibro | ||
| 999 |
_c19078 _d19078 |
||